| 000 | 00489nam a22001577a 4500 | ||
|---|---|---|---|
| 003 | OSt | ||
| 005 | 20151004094407.0 | ||
| 008 | 151004b xxu||||| |||| 00| 0 eng d | ||
| 040 | _cRUA | ||
| 082 | _aAVM សូ 1989 B065 Or.1 | ||
| 100 |
_91973 _aសូ វិទូ |
||
| 245 | _aការចាត់តាំងនៅមណ្ឌលសត្តឃាតទីក្រុងភ្នំពេញ | ||
| 260 |
_aPhnom Penh _bRUA _c1989 |
||
| 300 |
_a63p. _bill. _c29cm. |
||
| 942 |
_2ddc _cAVM |
||
| 999 |
_c1864 _d1864 |
||